000 01340cam a2200325 a 4500
001 48215
005 20230410123644.0
008 840615s1982 sp b 100 0 spa
010 _a 84174421
035 _a(OCoLC)ocm13398079
040 _aDLC
_cDLC
_dOCL
_dOCLCQ
020 _z847542017X
029 1 _aNLGGC
_b861614658
035 _a(OCoLC)13398079
043 _ae-sp---
050 1 4 _aKKT 5673.4
_bJ82p 1982
111 2 _aJornadas de Reflexión sobre la Administración de Justicia en la Comunidad Autónoma de Euskadi
_n(1st :
_d1982 /
_cInstituto Vasco de Estudios de Administración Pública)
245 1 0 _aPrimeras Jornadas de Reflexión sobre la Administración de Justicia en la Comunidad Autónoma de Euskadi.
260 _aOñati :
_bInstituto Vasco de Estudios de Administración Pública,
_c1982.
300 _a352 p. ;
_c21 cm.
490 1 _aErakunde bilduma =
_aColección Instituciones ;
_v3
504 _aIncludes bibliographical references.
650 0 _aJustice, Administration of
_zSpain
_zPáis Vasco
_vCongresses.
710 2 _aInstituto Vasco de Estudios de Administración Pública.
740 0 _aJornadas de Reflexión sobre la Administración de Justicia en la Comunidad Autónoma de Euskadi.
830 0 _aErakunde bilduma ;
_v3.
942 _2lcc
_cbk
946 _ajoacosta
994 _aC0
_bDRFGD
999 _c65679
_d65679